Catalanisme i socialisme : el debat de 1923 / R. Campalans i A. Fabra i Ribas ; edició a cura de Jesús M. Rodés el debat de 1923 / R. Campalans i A. Fabra i Ribas ; edició a cura de Jesús M. Rodés
Descripción Física:
114 p. ; 20 cm
MARC
| LEADER | 00000nam a2200000Ia 4500 | ||
|---|---|---|---|
| 001 | 1502 | ||
| 008 | 160829s1985 xx 000 0 cat d | ||
| 080 | |a M-2-232 | ||
| 100 | |a Campalans, Rafael |9 35596 | ||
| 245 | |a Catalanisme i socialisme : |b el debat de 1923 / R. Campalans i A. Fabra i Ribas ; edició a cura de Jesús M. Rodés | ||
| 260 | |a Barcelona : |b La Magrana : |b Diputació de Barcelona, |c 1985 | ||
| 300 | |a 114 p. ; |c 20 cm | ||
| 490 | |a Biblioteca dels clàssics del nacionalisme català ; 10 | ||
| 650 | |a Socialisme |9 33371 | ||
| 650 | 0 | |a Nacionalisme |z Catalunya |9 11008 | |
| 700 | |a Fabra i Ribas, Antoni |9 35597 | ||
| 700 | |a Rodés, Jesús M., ed. |9 35598 | ||
| 901 | |a Arxiu | ||
| 942 | |n 1 | ||
| 952 | |0 0 |1 0 |4 0 |6 M2232 |7 1 |9 46979 |a Arxiu |b Arxiu |d 2016-12-01 |l 0 |o M-2-232 |p 1502 |r 2016-12-01 00:00:00 |w 2016-12-01 |y ARXIU | ||
| 999 | |c 50772 |d 50772 | ||